| 000 | 00932nam a22002297a 4500 | ||
|---|---|---|---|
| 999 |
_c17503 _d17503 |
||
| 003 | AR-CdUCM | ||
| 008 | 190507b ||||| |||| 00| 0 spa d | ||
| 040 |
_aMUNICIPALIDAD PROVINCIAL DEL CUSCO _cBIBLIOTECA MUNICIPAL DEL CUSCO |
||
| 082 |
_24ed. _a375.2 / _bS46 |
||
| 100 |
_aSeyfert, Richard _936963 |
||
| 245 | _aPracticas escolares / | ||
| 260 |
_aMéxico : _bNacional, _c1951. |
||
| 300 |
_a185, XIV páginas ; _c18 cm. _bIlustraciones, |
||
| 505 | _aContenido : Misión social de la escuela primaria publica, y fine que de ella se derivan -- Organización de la escuela nacional -- Los cuidados corporales en las escuelas primarias -- La disciplina... | ||
| 650 |
_aEjemplo de enseñanza _937548 |
||
| 650 |
_aEscuela Publica _937549 |
||
| 650 |
_aTipo de eduación _937550 |
||
| 650 |
_aLa disciplina _937551 |
||
| 700 |
_aGonzáles Rivas, Álvaro (Traducción) _936964 |
||
| 942 |
_2ddc _cLIBROS |
||
| 945 |
_awnts _d2019-05-08 |
||